Métodos cuantitativos para los negocios

Guardat en:
Dades bibliogràfiques
Autors principals: Render, Barry (Autor), Star Junior, Ralph M (Autor), Hanna, Michael E (Autor)
Format: Llibre
Idioma:espanyol
Publicat: Ciudad de México Pearson 2006
Edició:9a. ed
Matèries:
Etiquetes: Afegir etiqueta
Sense etiquetes, Sigues el primer a etiquetar aquest registre!

MARC

LEADER 00000nam a2200000 a 4500
001 UCJ9768
003 CL-VaPUC
008 070405e20060000MX |||||||||||||||||spa|d
020 |a 9702607388 
082 0 4 |a 658.403  |b REN  |2 21 
100 0 |a Render, Barry  |e author  |9 519858 
700 0 |a Star Junior, Ralph M  |e author  |9 519859 
700 0 |a Hanna, Michael E  |e author  |9 519860 
245 1 0 |a Métodos cuantitativos para los negocios 
250 |a 9a. ed 
300 |a 731 p 
942 |c BK 
945 |d 20070405 00:00:00  |a lvergara 
260 |a Ciudad de México  |b Pearson  |c 2006 
650 0 |a Administración de empresas   |9 260833 
650 0 |a Probabilidades   |9 260199 
650 7 |a METODOS CUANTITATIVOS  |2 CL-VaPUC  |9 519861 
650 0 |a Teoría de probabilidades   |9 336944 
650 0 |a Programación lineal   |9 23 
650 0 |a Estadística matemática  |9 260028 
650 0 |a Investigación operativa  |9 259383 
583 |a last modification  |c 20180306 02:15:07  |k Rodrigo Vera 
999 |c 325177  |d 325175 
952 |0 0  |1 0  |4 0  |6 658_403000000000000_REN_2006  |7 0  |8 A  |9 405792  |a BIBENE  |b BIBENE  |d 2019-11-22  |i 4329716  |o 658.403 REN 2006  |p 4329716  |r 2025-01-15  |w 2019-11-22  |y BK  |k ICO 
952 |0 0  |1 0  |4 0  |6 658_403000000000000_REN_2006  |7 0  |8 A  |9 405793  |a BIBING  |b BIBING  |d 2019-11-22  |i 4343395  |o 658.403 REN 2006  |p 4343395  |r 2025-01-20  |w 2019-11-22  |y BK  |k TRA 
952 |0 0  |1 0  |4 0  |6 658_403000000000000_REN_2006  |7 0  |8 A  |9 405794  |a BIBING  |b BIBING  |d 2019-11-22  |i 4343409  |o 658.403 REN 2006  |p 4343409  |r 2025-01-20  |w 2019-11-22  |y BK  |k TRA 
952 |0 0  |1 0  |4 0  |6 658_403000000000000_REN_2006  |7 0  |8 A  |9 405795  |a BIBING  |b BIBING  |d 2019-11-22  |i 4343417  |o 658.403 REN 2006  |p 4343417  |r 2025-01-20  |w 2019-11-22  |y BK  |k TRA 
952 |0 0  |1 0  |4 0  |6 658_403000000000000_REN_2006  |7 0  |8 A  |9 405796  |a BIBING  |b BIBING  |d 2019-11-22  |i 4345428  |o 658.403 REN 2006  |p 4345428  |r 2025-01-20  |w 2019-11-22  |y BK  |k TRA 
952 |0 0  |1 0  |4 0  |6 658_403000000000000_REN_2006  |7 0  |8 A  |9 405797  |a BIBENE  |b BIBENE  |d 2019-11-22  |i 4418492  |o 658.403 REN 2006  |p 4418492  |r 2025-01-15  |w 2019-11-22  |y BK  |k ICO 
952 |0 0  |1 0  |4 0  |6 658_403000000000000_REN_2006  |7 0  |8 A  |9 405798  |a BIBGIM  |b BIBGIM  |d 2019-11-22  |i 447726K  |o 658.403 REN 2006  |p 447726K  |r 2025-01-15  |w 2019-11-22  |y BK  |k COM 
952 |0 0  |1 0  |4 0  |6 658_403000000000000_REN_2006  |7 0  |8 A  |9 405799  |a BIBGIM  |b BIBGIM  |d 2019-11-22  |i 4477278  |o 658.403 REN 2006  |p 4477278  |r 2025-01-15  |w 2019-11-22  |y BK  |k COM 
952 |0 0  |1 0  |4 0  |6 658_403000000000000_REN_2006  |7 0  |8 A  |9 405800  |a BIBGIM  |b BIBGIM  |d 2019-11-22  |i 4477286  |o 658.403 REN 2006  |p 4477286  |r 2025-01-15  |w 2019-11-22  |y BK  |k COM 
952 |0 0  |1 0  |4 0  |6 658_403000000000000_REN_2006  |7 0  |8 A  |9 405801  |a BIBGIM  |b BIBGIM  |d 2019-11-22  |i 4477294  |o 658.403 REN 2006  |p 4477294  |r 2025-01-15  |w 2019-11-22  |y BK  |k COM 
952 |0 0  |1 0  |4 0  |6 658_403000000000000_REN_2006  |7 0  |8 A  |9 405802  |a BIBGIM  |b BIBGIM  |d 2019-11-22  |i 4477308  |o 658.403 REN 2006  |p 4477308  |r 2025-01-15  |w 2019-11-22  |y BK  |k COM 
952 |0 0  |1 0  |4 0  |6 658_403000000000000_REN_2006  |7 0  |8 A  |9 405803  |a BIBING  |b BIBING  |d 2019-11-22  |i 4481879  |o 658.403 REN 2006  |p 4481879  |r 2025-01-20  |w 2019-11-22  |y BK  |k TRA 
952 |0 0  |1 0  |4 0  |6 658_403000000000000_REN_2006  |7 0  |8 A  |9 405804  |a BIBING  |b BIBING  |d 2019-11-22  |i 4481887  |o 658.403 REN 2006  |p 4481887  |r 2025-01-20  |w 2019-11-22  |y BK  |k TRA 
952 |0 0  |1 0  |4 0  |6 658_403000000000000_REN_2006  |7 0  |8 A  |9 405805  |a BIBING  |b BIBING  |d 2019-11-22  |i 4481895  |o 658.403 REN 2006  |p 4481895  |r 2025-01-20  |w 2019-11-22  |y BK  |k TRA 
952 |0 0  |1 0  |4 0  |6 658_403000000000000_REN_2006  |7 0  |8 A  |9 405806  |a BIBING  |b BIBING  |d 2019-11-22  |i 4481909  |o 658.403 REN 2006  |p 4481909  |r 2025-01-20  |w 2019-11-22  |y BK  |k TRA 
952 |0 0  |1 0  |4 0  |6 658_403000000000000_REN_2006  |7 0  |8 A  |9 405807  |a BIBING  |b BIBING  |d 2019-11-22  |i 4481917  |o 658.403 REN 2006  |p 4481917  |r 2025-01-20  |w 2019-11-22  |y BK  |k TRA